| 000 | 00367 a2200133 4500 | ||
|---|---|---|---|
| 005 | 20250629130927.0 | ||
| 020 | _a978-81-203-3945-3 | ||
| 082 | _a658.802 BOS | ||
| 100 | _aBOSE, D. C. | ||
| 245 | _aModern Marketing Principles and Practice | ||
| 260 |
_aNew Delhi _bPHI Learning Private Limited, _c2010 |
||
| 300 |
_ax,289p.;ill.; figure _bIndex _c23cm |
||
| 942 |
_2ddc _cBKS |
||
| 999 |
_c6352 _d6352 |
||